Baronka v opeře - Jarmila Novotná

Podrobná bibliografia
Hlavný autor: Balušíková, Eva (Autor)
Médium: Článok
Jazyk:čeština
Fyzický popis:Fotografie
Predmet:

MARC

LEADER 00000nab a2200000 4500
001 vtls011845850
003 SK-MaSNL
005 20260305013709.0
008 190314|2018 xo m| | |00 0|cze
038 |a KEVKJB 
040 |a KEVKJB  |b slo  |c KEVKJB  |e AACR2 
041 0 |a cze 
044 |a xo  |c SK 
072 7 |a 316.3  |x Globálne spoločnosti. Sociálna štruktúra. Sociálne skupiny  |2 konspekt 
080 |a 316.7:061  |x (=162.3)  |2 2011 
100 1 |a Balušíková, Eva  |4 aut  |9 1020881 
245 1 0 |a Baronka v opeře - Jarmila Novotná  |c Eva Balušíková 
300 |b Fotografie 
336 |a text  |b txt  |2 rdacontent 
337 |a bez média  |b n  |2 rdamedia 
338 |a zväzok  |b nc  |2 rdacarrier 
600 1 7 |a Novotná, Jarmila,  |d 1907-1994  |2 kevkjb  |9 97879 
610 2 7 |a Český spolok na Slovensku (Košice, Slovensko)  |2 kevkjb  |9 29737 
610 2 7 |a Verejná knižnica Jána Bocatia v Košiciach  |2 kevkjb  |9 29554 
611 2 7 |a Už vím, co číst a poslouchat  |g hudobno-literárne popoludnie  |d (2018 :  |c Košice, Slovensko)  |2 snkbucl  |9 1591196 
651 7 |a Košice (Slovensko)  |2 kevkjb  |9 18694 
773 0 |t Stříbrný vítr  |g Roč. 10., č. 6 (2018), s. 20-21 
852 |a KEVKJB  |b KIS3GCP 
958 |a CZ 
958 |a BC 
999 |c 3265497  |d 3267427